000 00476nam a2200133Ia 4500
008 171212s9999 xx 000 0 und d
020 _a9780833049186
100 _aHunter, Robert E.
245 _cHunter, Robert E.
_aBuilding Security in the Persian Gulf
260 _bRAND Corporation
_c2010
650 _aPolitical Science
650 _aSecurity, International -- Persian Gulf Region; Persian Gulf Region -- Strategic aspects
856 _uwww.jstor.org/stable/10.7249/mg944
999 _c351819
_d351819